| 000 | 00411nam a22001337a 4500 | ||
|---|---|---|---|
| 020 | _qPB. | ||
| 040 | _cFIZZA ISHAQ | ||
| 082 |
_a808.042 _bLUN |
||
| 100 |
_aLunsford , Andrea A. _9132204 |
||
| 245 |
_aThe Presence of Others Readings for Critical Thinking and Writing / _c Andrea A. Lunsford. |
||
| 260 |
_aNEW YORK: _bSt Martins Press, _c1994. |
||
| 300 |
_a651 P. ; _c9.5 x 6.8 x 1.2 inches |
||
| 942 |
_2ddc _cBK |
||
| 999 |
_c615464 _d615464 |
||